Sci-fi osudovo príťažlivá

Bibliographic Details
Main Author: Burdanová, Zuzana (Author)
Format: Article
Language:Slovak
PhysicalDescription:Obr. 3.
Subjects:

MARC

LEADER 00000nab a2200000 a 4500
001 vtls000442979
003 SK-MaSNL
005 20260302233204.0
008 160215c1991 xo 0 slo
015 |a SNBRB19rr/mm-uuuuu 
035 |a CL0443109 
040 |a SNKBUCL  |b slo  |c SNKBUCL  |e AACR2 
041 0 |a slo 
044 |a xo  |c SK 
080 |a 74.071.1  |2 1981 
080 |a 929 Maxon, Juraj  |2 1981 
100 1 |a Burdanová, Zuzana  |4 aut  |9 484989 
245 1 0 |a Sci-fi osudovo príťažlivá  |c Zuzana Burdanová ; Juraj Maxon 
300 |b Obr. 3. 
600 1 7 |a Maxon, Juraj,  |d 1963-  |2 snkbucl  |9 197574 
655 7 |a články z novín a časopisov  |2 snkbucl  |9 267496 
773 0 |t Národná osveta  |g Roč. 1, č. 6 (1991), s. 3 ob 
850 |a Slovenská národná knižnica v Martine  |a MTA001 
852 |a SNK  |b KIS3GCP 
958 |a BX 
958 |a RK 
992 |a RBX 
999 |c 1545521  |d 1547451